[Event "Frankfurt Ch A 2016"]
[Site "Ffm-Höchst, BiKuZ"]
[Date "2016.05.23"]
[Round "4.5"]
[White "Budde, Michael"]
[Black "Legde, Georg"]
[Result "0-1"]
[WhiteElo "1934"]
[BlackElo "2299"]
[PlyCount "100"]
[EventDate "2016.??.??"]
[WhiteTeam "SC Flörsheim"]
[BlackTeam "Freibauer Mörlenbach"]

1. d4 Nf6 2. c4 e6 3. Nf3 Bb4+ 4. Bd2 c5 5. Bxb4 cxb4 6. Nbd2 d6 7. e3 O-O 8.
Bd3 b6 9. O-O Bb7 10. a3 Nc6 11. Re1 Qc7 12. Ng5 bxa3 13. bxa3 Na5 14. Rc1 Rac8
15. Qe2 Qe7 16. Nde4 Nxe4 17. Nxe4 Nxc4 18. Rxc4 Rxc4 19. Bxc4 Bxe4 20. Ba6 Rb8
21. a4 Bc6 22. Qc4 Qd7 23. Ra1 Bd5 24. Qc2 g6 25. Rc1 Bb7 26. Bb5 Qd8 27. Qc7
a6 28. Be2 Qxc7 29. Rxc7 b5 30. axb5 axb5 31. f3 Bd5 32. e4 Ba2 33. Rc2 Bb3 34.
Rb2 Ba4 35. Kf2 b4 36. Ke3 Kf8 37. Kd2 Ke7 38. Bc4 Bc6 39. d5 exd5 40. exd5 Bd7
41. Bb3 Kf6 42. Kd3 g5 43. Kc4 h5 44. Bc2 Ke5 45. Bb3 Bb5+ 46. Kxb4 Kd4 47. Rc2
Bc4+ 48. Ka3 Rxb3+ 49. Ka4 Rb8 50. Rd2+ Kc3 0-1

[Event "Frankfurt Ch A 2016"]
[Site "Ffm-Höchst, BiKuZ"]
[Date "2016.05.23"]
[Round "4.6"]
[White "Benninger, Rudolf"]
[Black "Reschke, Thomas"]
[Result "0-1"]
[WhiteElo "1970"]
[BlackElo "2048"]
[PlyCount "62"]
[EventDate "2016.??.??"]
[WhiteTeam "SC Heusenstamm"]
[BlackTeam "SC Frankfurt-West"]

1. e4 g6 2. d4 Bg7 3. Nc3 c6 4. f4 d5 5. e5 f6 6. Be3 Nh6 7. Be2 b6 8. Nf3 Bg4
9. Qd2 O-O 10. O-O-O Nf5 11. Bf2 Bxf3 12. Bxf3 fxe5 13. dxe5 e6 14. h4 Nd7 15.
g4 Ne7 16. Rh3 Rc8 17. h5 gxh5 18. Rg1 h4 19. Bxh4 Qe8 20. Bxe7 Qxe7 21. Ne2
Rf7 22. g5 Rcf8 23. g6 hxg6 24. Qd3 Rf5 25. Bg4 Nxe5 26. fxe5 Rf1+ 27. Kd2 Rxg1
28. Qxg6 Qb4+ 29. Ke3 Rxg4 30. Qxe6+ Rf7 31. Rf3 Qe4+ 0-1

[Event "Frankfurt Ch A 2016"]
[Site "Ffm-Höchst, BiKuZ"]
[Date "2016.05.23"]
[Round "4.8"]
[White "Rennhack, Peer"]
[Black "Fucik, Timo"]
[Result "0-1"]
[WhiteElo "1835"]
[BlackElo "1985"]
[PlyCount "38"]
[EventDate "2016.??.??"]
[WhiteTeam "Frankfurter TV"]
[BlackTeam "SK Ettlingen"]

1. e4 c5 2. d4 cxd4 3. c3 Nf6 4. e5 Nd5 5. Nf3 Nc6 6. c4 Nc7 7. Nxd4 Nxe5 8.
Bf4 d6 9. Nc3 g6 10. c5 Bg7 11. cxd6 Qxd6 12. Qa4+ Bd7 13. Ndb5 Nxb5 14. Nxb5
Qb8 15. Rc1 O-O 16. Qb4 a5 17. Qc5 Ra6 18. Qe3 Re6 19. Be2 Bxb5 0-1

[Event "Frankfurt Ch A 2016"]
[Site "Ffm-Höchst, BiKuZ"]
[Date "2016.05.23"]
[Round "4.9"]
[White "Kellerwessel, Ralf"]
[Black "Rondonuwu, Grover"]
[Result "0-1"]
[WhiteElo "1923"]
[BlackElo "1976"]
[PlyCount "64"]
[EventDate "2016.??.??"]
[WhiteTeam "SC Bad Soden"]
[BlackTeam "Frankfurter TV"]

1. e4 c5 2. Nf3 e6 3. b3 Nc6 4. Bb2 d6 5. Na3 Nf6 6. e5 dxe5 7. Nxe5 Nxe5 8.
Bxe5 a6 9. Be2 b5 10. Bf3 Ra7 11. Bb8 Rd7 12. Bc6 Bb7 13. Bxd7+ Nxd7 14. Bg3
Bxg2 15. Rg1 Bb7 16. c4 Bc6 17. cxb5 axb5 18. Nc2 Be7 19. d4 O-O 20. dxc5 Bxc5
21. b4 Bb6 22. Bd6 Qf6 23. Ne3 Ne5 24. Bxf8 Nf3+ 25. Ke2 Nxg1+ 26. Qxg1 Bf3+
27. Kd2 Qd4+ 28. Kc2 Be4+ 29. Kb3 Qd3+ 30. Kb2 Bd4+ 31. Kc1 Bxe3+ 32. Kb2 Bd4+
0-1

[Event "Frankfurt Ch A 2016"]
[Site "Ffm-Höchst, BiKuZ"]
[Date "2016.05.23"]
[Round "4.10"]
[White "Felmy, Benjamin"]
[Black "Winand, Edgar"]
[Result "1-0"]
[WhiteElo "2075"]
[BlackElo "1828"]
[PlyCount "105"]
[EventDate "2016.??.??"]
[WhiteTeam "SC Bad Soden"]
[BlackTeam "SC Flörsheim"]

1. d4 d6 2. Nf3 g6 3. c4 Bg7 4. g3 Nc6 5. d5 Nb8 6. Bg2 e5 7. dxe6 fxe6 8. Nc3
Nf6 9. O-O O-O 10. h3 Nc6 11. Be3 Bd7 12. Qd2 a6 13. Bh6 Qe7 14. Bxg7 Qxg7 15.
Rad1 Rab8 16. Nd4 Nxd4 17. Qxd4 b5 18. b3 bxc4 19. Qxc4 Bb5 20. Nxb5 Rxb5 21.
Qxe6+ Qf7 22. Qxf7+ Kxf7 23. Rc1 c5 24. Rfd1 Ke6 25. Rd2 Rfb8 26. Rcd1 R8b6 27.
e3 Ra5 28. e4 Ra3 29. f3 Ne8 30. Bf1 Nc7 31. Bc4+ Ke7 32. Kf2 Nb5 33. Bxb5 axb5
34. Rc1 Rba6 35. Rcc2 Ke6 36. f4 Rc6 37. Rd3 Rca6 38. e5 Rxa2 39. Rxd6+ Rxd6
40. Rxa2 Rd3 41. Rc2 Rxb3 42. Rxc5 b4 43. Rb5 Kf5 44. Rb6 Ke4 45. e6 Rb2+ 46.
Ke1 Kf3 47. Kd1 Re2 48. g4 Kf2 49. f5 Re5 50. f6 b3 51. f7 Re1+ 52. Kd2 Re2+
53. Kc3 1-0

[Event "Frankfurt Ch A 2016"]
[Site "Ffm-Höchst, BiKuZ"]
[Date "2016.05.23"]
[Round "4.11"]
[White "Reschke, Stefan"]
[Black "Pabel, Ralph"]
[Result "1-0"]
[WhiteElo "2215"]
[BlackElo "1867"]
[PlyCount "93"]
[EventDate "2016.??.??"]
[WhiteTeam "SV Oberursel"]
[BlackTeam "SK Mainaschaff"]

1. c4 c5 2. Nf3 Nf6 3. g3 d5 4. cxd5 Nxd5 5. Nc3 Nc6 6. Bg2 g6 7. Qb3 Nc7 8.
Ng5 e6 9. Bxc6+ bxc6 10. d3 Ba6 11. Bf4 Be7 12. h4 Bc8 13. Rc1 f6 14. Bxc7 Qxc7
15. Nxe6 Qe5 16. Nf4 Rb8 17. Qc2 O-O 18. b3 c4 19. dxc4 Ba3 20. Nd3 Qe7 21. Rd1
Bf5 22. O-O g5 23. hxg5 fxg5 24. Qd2 Bh3 25. Rfe1 Rbd8 26. Qe3 Qxe3 27. fxe3
Rde8 28. e4 Bd6 29. Nf2 Bc5 30. e3 g4 31. Nxh3 gxh3 32. Na4 Bb4 33. Rf1 Rxe4
34. Rxf8+ Kxf8 35. Kh2 Rxe3 36. Kxh3 Ke7 37. c5 Re2 38. Rd4 Be1 39. Rh4 Re3 40.
Rxh7+ Ke6 41. Rg7 a5 42. Nb6 Kf6 43. Nc4 Re6 44. Ra7 Kf5 45. Nxa5 Ke4 46. a3
Rg6 47. Re7+ 1-0

[Event "Frankfurt Ch A 2016"]
[Site "Ffm-Höchst, BiKuZ"]
[Date "2016.05.23"]
[Round "4.12"]
[White "Thomele, Michael"]
[Black "Zweschper, Erich"]
[Result "0-1"]
[WhiteElo "1885"]
[BlackElo "2036"]
[PlyCount "92"]
[EventDate "2016.??.??"]
[WhiteTeam "SC Obernau"]
[BlackTeam "SVG Eppstein"]

1. e4 d6 2. d4 g6 3. Be3 Bg7 4. Nc3 e6 5. Qd2 a6 6. f3 Nd7 7. Nge2 c6 8. g3 b5
9. a3 Nb6 10. Nf4 Ne7 11. Rd1 Qc7 12. Qf2 Rb8 13. h4 h6 14. Be2 Nc4 15. Bc1 e5
16. Bxc4 bxc4 17. Nfe2 f5 18. dxe5 Bxe5 19. f4 Bg7 20. O-O fxe4 21. Nxe4 d5 22.
N4c3 O-O 23. Kh2 Bg4 24. Rde1 Nf5 25. Qc5 Rb7 26. Qf2 Qd8 27. Qc5 Qc7 28. Qf2
Rbb8 29. Ng1 Qd6 30. Nf3 Bxf3 31. Qxf3 Rbe8 32. Nd1 Nd4 33. Qg2 Re6 34. Rxe6
Qxe6 35. Be3 Nf5 36. Bc5 Re8 37. c3 h5 38. Qd2 Qe4 39. Qg2 Qd3 40. Qf3 Re2+ 41.
Kh3 Qd2 42. Rh1 Bf6 43. Bb6 Be7 44. Bf2 Nh6 45. Be3 Qd3 46. Rf1 Qf5+ 0-1

[Event "Frankfurt Ch A 2016"]
[Site "Ffm-Höchst, BiKuZ"]
[Date "2016.05.23"]
[Round "4.13"]
[White "Schmidt, Markus"]
[Black "Hochmuth, Christian"]
[Result "1/2-1/2"]
[WhiteElo "2013"]
[BlackElo "1839"]
[PlyCount "94"]
[EventDate "2016.??.??"]
[WhiteTeam "SK Turm Bad Hersfeld"]
[BlackTeam "SG Wächtersbach"]

1. Nf3 Nf6 2. g3 g6 3. Bg2 Bg7 4. O-O O-O 5. c4 d5 6. cxd5 Nxd5 7. Nc3 Nc6 8.
d4 Nb6 9. d5 Na5 10. e4 c6 11. dxc6 Nxc6 12. h3 Be6 13. Bf4 Qc8 14. Ng5 Bc4 15.
Re1 Rd8 16. Qc1 Nb4 17. Rd1 Nd3 18. Qc2 Nxf4 19. gxf4 h6 20. Nf3 Rxd1+ 21. Rxd1
Bxa2 22. Nd4 Bc4 23. e5 e6 24. b3 Ba6 25. Qd2 Rb8 26. Ne4 Qd8 27. Nd6 Bf8 28.
Ne4 Nd5 29. Ne2 Qb6 30. N2c3 Nxc3 31. Qxc3 Bb5 32. Nf6+ Kg7 33. f5 Rd8 34. Rxd8
Qxd8 35. fxg6 fxg6 36. Bxb7 a6 37. Be4 Be7 38. Ng4 Qd1+ 39. Kh2 Qd8 40. Qg3 Be8
41. Qe3 g5 42. Qa7 Bb5 43. Qb7 Qd7 44. Qa8 Qd8 45. Qb7 Qd7 46. Qb6 h5 47. Ne3
Kf7 1/2-1/2

[Event "Frankfurt Ch A 2016"]
[Site "Ffm-Höchst, BiKuZ"]
[Date "2016.05.23"]
[Round "4.14"]
[White "Krüger, Till"]
[Black "Schwenkreis, Thomas"]
[Result "0-1"]
[WhiteElo "1865"]
[BlackElo "2001"]
[PlyCount "104"]
[EventDate "2016.??.??"]
[WhiteTeam "SC Nidderau"]
[BlackTeam "SV Oberursel"]

1. e4 e5 2. Bc4 d6 3. Nf3 Nf6 4. d3 Be7 5. h3 O-O 6. O-O c6 7. Re1 Nbd7 8. a4
Qc7 9. Nc3 b6 10. Bg5 Bb7 11. Qd2 a6 12. d4 b5 13. axb5 axb5 14. Bd3 b4 15. Ne2
c5 16. dxc5 dxc5 17. b3 Rxa1 18. Rxa1 Rd8 19. Ng3 Nf8 20. Bxf6 Bxf6 21. Qe3 Ne6
22. Bc4 Nf4 23. Kh2 g6 24. Ne2 Kg7 25. g3 Nxe2 26. Qxe2 Qc6 27. Re1 Qd6 28. Qe3
h6 29. Re2 Qc7 30. Kg2 Be7 31. Bd3 Bc8 32. Re1 Bd6 33. Bc4 Qd7 34. Rh1 Bb7 35.
Rd1 Qe7 36. Ra1 Bb8 37. Re1 f5 38. Bd3 f4 39. Qc1 g5 40. g4 Bc8 41. Nh2 Be6 42.
f3 Ba7 43. Nf1 c4 44. Bxc4 Qc5 45. Ne3 Bxc4 46. Nd1 Bxb3 47. Qa1 Bxc2 48. Qa6
Qd4 49. Rf1 Bxd1 50. Qe6 Qd2+ 51. Kh1 Bxf3+ 52. Rxf3 Qe1+ 0-1

[Event "Frankfurt Ch A 2016"]
[Site "Ffm-Höchst, BiKuZ"]
[Date "2016.05.23"]
[Round "4.15"]
[White "Sachse, Günter"]
[Black "Menning, Uwe"]
[Result "1-0"]
[WhiteElo "1989"]
[BlackElo "1837"]
[PlyCount "55"]
[EventDate "2016.??.??"]
[WhiteTeam "SK Langen"]
[BlackTeam "FC Bierstadt"]

1. e4 c6 2. d4 d5 3. e5 Bf5 4. h4 h5 5. Bd3 Bxd3 6. Qxd3 e6 7. Nf3 Ne7 8. Bg5
Qb6 9. Nbd2 Nf5 10. O-O Nd7 11. c4 dxc4 12. Nxc4 Qa6 13. Rfd1 Nb6 14. b3 Qb5
15. Rac1 Qd5 16. Ne3 Nxe3 17. fxe3 Nc8 18. e4 Qa5 19. d5 cxd5 20. exd5 exd5 21.
e6 Ba3 22. exf7+ Kf8 23. Ne5 Ne7 24. Rf1 Rd8 25. Bxe7+ Kxe7 26. Ng6+ Kd7 27.
Qf5+ Kd6 28. Nxh8 1-0

[Event "Frankfurt Ch A 2016"]
[Site "Ffm-Höchst, BiKuZ"]
[Date "2016.05.23"]
[Round "4.16"]
[White "Vega Lopez de Nava, Cesar Octavi"]
[Black "Nagelsdiek, Ralf"]
[Result "1-0"]
[WhiteElo "1845"]
[BlackElo "1983"]
[PlyCount "73"]
[EventDate "2016.??.??"]
[WhiteTeam "SV Rüsselsheim"]
[BlackTeam "SC Bad Soden"]

1. e4 c5 2. Nf3 d6 3. d4 cxd4 4. Nxd4 Nf6 5. Nc3 a6 6. h3 e6 7. g4 Be7 8. Bg2
Nfd7 9. Be3 Nc6 10. Qd2 Nde5 11. b3 Nxd4 12. Bxd4 O-O 13. O-O Nc6 14. Be3 Bf6
15. Rad1 Qa5 16. Na4 Qxd2 17. Rxd2 Be7 18. Nb6 Rb8 19. f4 f6 20. Rfd1 Nd8 21.
f5 Nf7 22. c4 Re8 23. a4 Bf8 24. Kf2 g6 25. fxg6 hxg6 26. a5 Re7 27. Ke2 f5 28.
g5 Bg7 29. Kd3 Be5 30. exf5 exf5 31. Nxc8 Rxc8 32. Bd5 Kg7 33. Bd4 Rec7 34. Re2
Re8 35. Rde1 Nd8 36. c5 Nc6 37. Bxc6 1-0

[Event "Frankfurt Ch A 2016"]
[Site "Ffm-Höchst, BiKuZ"]
[Date "2016.05.23"]
[Round "4.17"]
[White "Grossjohann, Daniel"]
[Black "Ortinau, Peter"]
[Result "1/2-1/2"]
[WhiteElo "1838"]
[BlackElo "1963"]
[PlyCount "93"]
[EventDate "2016.??.??"]
[WhiteTeam "SC Bad Soden"]
[BlackTeam "Frankfurter TV"]

1. e4 e5 2. Nf3 Nc6 3. d4 exd4 4. Nxd4 Nf6 5. Nxc6 bxc6 6. Bd3 Bb4+ 7. Bd2 Qe7
8. Qe2 O-O 9. O-O d5 10. Bxb4 Qxb4 11. c3 Qb6 12. exd5 cxd5 13. Qc2 Ba6 14.
Bxa6 Qxa6 15. Nd2 Rfe8 16. c4 Re2 17. Qd3 Rae8 18. b4 dxc4 19. Qxc4 Qb6 20. Nf3
R8e4 21. Qd3 Re8 22. a3 Ng4 23. Qd4 R2e4 24. Qxb6 cxb6 25. h3 Ne5 26. Nxe5
R4xe5 27. Rfd1 g6 28. Kf1 Kg7 29. Re1 Rxe1+ 30. Rxe1 Rxe1+ 31. Kxe1 Kf6 32. Kd2
Ke5 33. Ke3 Kd5 34. Kd3 b5 35. g3 g5 36. f3 h6 37. Kc3 f5 38. Kd3 h5 39. h4 f4
40. hxg5 fxg3 41. Ke3 h4 42. g6 Ke6 43. f4 h3 44. Kf3 g2 45. Kf2 Kf6 46. f5 a6
47. Kg1 1/2-1/2

[Event "Frankfurt Ch A 2016"]
[Site "Ffm-Höchst, BiKuZ"]
[Date "2016.05.23"]
[Round "4.18"]
[White "Kolker, Vladislav"]
[Black "Worzelberger, Armin"]
[Result "1-0"]
[WhiteElo "1957"]
[BlackElo "1810"]
[PlyCount "109"]
[EventDate "2016.??.??"]
[WhiteTeam "SC Bad Nauheim"]
[BlackTeam "SC Grunbach"]

1. e4 c6 2. Nf3 g6 3. d4 d6 4. Bd3 Bg7 5. c3 Nd7 6. Bg5 a6 7. a4 Qb6 8. Qd2 e5
9. dxe5 Nxe5 10. Be2 h6 11. Be3 Qc7 12. h3 Be6 13. a5 Nf6 14. Nxe5 dxe5 15. Bb6
Qe7 16. Qe3 h5 17. Bc5 Qc7 18. Qf3 Nd7 19. Be3 O-O-O 20. b4 h4 21. Na3 f5 22.
Bc4 fxe4 23. Qe2 Bxc4 24. Nxc4 Nf6 25. Bb6 Qf7 26. Bxd8 Rxd8 27. O-O Qe6 28.
Rfd1 Nd5 29. Rac1 Bh6 30. Rc2 Qf5 31. Ne3 Bxe3 32. fxe3 Qg5 33. Qg4+ Qxg4 34.
hxg4 Nxe3 35. Rxd8+ Kxd8 36. Re2 Nxg4 37. Rxe4 Nf6 38. Rxh4 g5 39. Rh3 Ke7 40.
Kf2 Ke6 41. Ke2 Nd5 42. Kd2 Nf4 43. Rh7 Nxg2 44. Rxb7 g4 45. Rb6 g3 46. Rxa6
Nf4 47. Ke1 Nh3 48. Kf1 Kd5 49. Rb6 e4 50. a6 e3 51. a7 e2+ 52. Kxe2 g2 53.
a8=Q g1=Q 54. Qxc6+ Ke5 55. Qf6+ 1-0

[Event "Frankfurt Ch A 2016"]
[Site "Ffm-Höchst, BiKuZ"]
[Date "2016.05.23"]
[Round "4.19"]
[White "Makilla, Tobias"]
[Black "Roggensack, Hans Peter"]
[Result "0-1"]
[WhiteElo "1864"]
[BlackElo "1992"]
[PlyCount "56"]
[EventDate "2016.??.??"]
[WhiteTeam "SC Hattersheim"]
[BlackTeam "SF Frankfurt"]

1. e4 d6 2. d4 Nf6 3. Bd3 e5 4. c3 Be7 5. f4 Bg4 6. Qb3 exf4 7. Qxb7 Nbd7 8.
Bxf4 O-O 9. Nd2 Nh5 10. Be3 Bg5 11. Nc4 Bxe3 12. Nxe3 Qh4+ 13. Kd2 Rab8 14.
Qxc7 Qf2+ 15. Ne2 Bxe2 16. Bxe2 Rxb2+ 17. Nc2 Rxc2+ 18. Kxc2 Qxe2+ 19. Kc1 Nf4
20. Rd1 Nd3+ 21. Rxd3 Qxd3 22. Rb1 Nb6 23. Rb4 h6 24. Qxd6 Qxc3+ 25. Kb1 Rc8
26. a4 Qc1+ 27. Ka2 Rc2+ 28. Kb3 Qb2# 0-1

[Event "Frankfurt Ch A 2016"]
[Site "Ffm-Höchst, BiKuZ"]
[Date "2016.05.23"]
[Round "4.20"]
[White "Klamser, Dietmar"]
[Black "Gräbner, Walter"]
[Result "1/2-1/2"]
[WhiteElo "1809"]
[BlackElo "1949"]
[PlyCount "94"]
[EventDate "2016.??.??"]
[WhiteTeam "SC Groß-Umstadt"]
[BlackTeam "SC Nied"]

1. e4 c6 2. Nc3 d5 3. d4 dxe4 4. Nxe4 Nf6 5. Nxf6+ gxf6 6. Bc4 Bf5 7. Nf3 e6 8.
Bd3 Bd6 9. c3 Bg6 10. Bxg6 hxg6 11. Qe2 Nd7 12. Be3 Qc7 13. h3 O-O-O 14. O-O-O
f5 15. Kb1 Rde8 16. Qc2 Nf6 17. Bc1 Ne4 18. Rhe1 Kb8 19. Re2 Rd8 20. Nd2 Nxd2+
21. Rexd2 g5 22. Re2 Bf4 23. Be3 Rdg8 24. Qd2 Bxe3 25. Qxe3 g4 26. hxg4 Rxg4
27. f3 Rgh4 28. Qe5 Rh1 29. Rxh1 Rxh1+ 30. Kc2 Qxe5 31. dxe5 Rf1 32. Kd3 Kc7
33. Ke3 Kd7 34. Rd2+ Ke7 35. Ke2 Rg1 36. Kf2 Rb1 37. Ke2 c5 38. f4 b5 39. Kf2
a5 40. Ke2 Rc1 41. Kf3 b4 42. cxb4 cxb4 43. g3 Ra1 44. b3 Rc1 45. Ke2 Rc3 46.
Rd3 Rc5 47. Ke3 Rc2 1/2-1/2

[Event "Frankfurt Ch A 2016"]
[Site "Ffm-Höchst, BiKuZ"]
[Date "2016.05.23"]
[Round "4.21"]
[White "Stock, Jürgen"]
[Black "Biegel, Thomas"]
[Result "0-1"]
[WhiteElo "1780"]
[BlackElo "1946"]
[PlyCount "54"]
[EventDate "2016.??.??"]
[WhiteTeam "SC Eschborn"]
[BlackTeam "SVG Eppstein"]

1. d4 c5 2. e3 d5 3. c3 cxd4 4. exd4 Nc6 5. f4 Nh6 6. Nd2 Bf5 7. Be2 e6 8. Ndf3
Bd6 9. Ne5 Qc7 10. Bf3 f6 11. Nxc6 bxc6 12. g4 Be4 13. Bxe4 dxe4 14. Nh3 O-O
15. Qe2 f5 16. gxf5 exf5 17. Be3 Rab8 18. Ng5 Rf6 19. Qc4+ Kh8 20. O-O Rxb2 21.
Rab1 Rxb1 22. Rxb1 Bxf4 23. Ne6 Bxe3+ 24. Kh1 Qf7 25. d5 cxd5 26. Qc8+ Ng8 27.
Nd8 Qh5 0-1

[Event "Frankfurt Ch A 2016"]
[Site "Ffm-Höchst, BiKuZ"]
[Date "2016.05.23"]
[Round "4.22"]
[White "Hinz, André"]
[Black "Egenolf, Dirk"]
[Result "0-1"]
[WhiteElo "1698"]
[BlackElo "1911"]
[PlyCount "108"]
[EventDate "2016.??.??"]
[WhiteTeam "SC Brett vorm Kopp"]
[BlackTeam "SK Niederbrechen"]

1. c4 g6 2. g3 Bg7 3. Bg2 d6 4. Nc3 e5 5. e4 Ne7 6. Nge2 O-O 7. O-O Nbc6 8. d3
Bd7 9. Nd5 Nxd5 10. cxd5 Ne7 11. Be3 c5 12. Qd2 a5 13. b3 b5 14. f4 f6 15. Rac1
b4 16. Rf2 Kh8 17. Rcf1 Ng8 18. h3 a4 19. g4 axb3 20. axb3 Ra3 21. fxe5 fxe5
22. Rxf8 Bxf8 23. Bg5 Be7 24. Bh6 g5 25. d4 Nxh6 26. dxe5 dxe5 27. d6 Bf6 28.
Qd5 Ra5 29. Ng3 c4 30. Qb7 cxb3 31. Nh5 Bg7 32. Rb1 Rb5 33. Qa7 Qb6+ 34. Qxb6
Rxb6 35. Rxb3 Nf7 36. Rb1 Nxd6 37. Ra1 b3 38. Bf1 b2 39. Ra8+ Ne8 40. Bd3 b1=Q+
41. Bxb1 Rxb1+ 42. Kh2 Kg8 43. Ra7 Bc6 44. Kg3 Rb3+ 45. Kh2 Bxe4 46. Rxg7+ Nxg7
47. Nf6+ Kf7 48. Nxe4 Ne6 49. Kg2 Nf4+ 50. Kh2 Rxh3+ 51. Kg1 h6 52. Kf2 Ke6 53.
Ng3 Rxg3 54. Kxg3 Kd5 0-1

[Event "Frankfurt Ch A 2016"]
[Site "Ffm-Höchst, BiKuZ"]
[Date "2016.05.23"]
[Round "4.23"]
[White "Kuhn, Gerhard"]
[Black "Crnjac, Zdravko"]
[Result "1-0"]
[WhiteElo "1901"]
[BlackElo "1516"]
[PlyCount "149"]
[EventDate "2016.??.??"]
[WhiteTeam "SK Marburg"]
[BlackTeam "FV Berkersheim"]

1. e4 d6 2. d4 e6 3. Nc3 a6 4. a4 b6 5. Nf3 h6 6. Be3 Ne7 7. Bd3 Nd7 8. O-O g5
9. Nd2 e5 10. Bc4 Nf6 11. f3 Ng6 12. g3 Rg8 13. Kh1 Nh5 14. Ne2 Bd7 15. c3 Be6
16. Qb3 Rg7 17. Bd5 Qd7 18. c4 Bxd5 19. cxd5 f5 20. Bg1 f4 21. g4 Nf6 22. Qc3
h5 23. gxh5 Nxh5 24. Qc6 Qxc6 25. dxc6 Be7 26. Rf2 Kf7 27. Kg2 Nh4+ 28. Kf1 g4
29. fxg4 Rxg4 30. Nf3 Nxf3 31. Rxf3 Bh4 32. Bf2 Rag8 33. h3 Ng3+ 34. Bxg3 Rxg3
35. Nxg3 Bxg3 36. dxe5 Ke6 37. exd6 Kxd6 38. Rd3+ Kxc6 39. Rc1+ Kb7 40. Ke2 Rg7
41. Kf3 Bh2 42. e5 Rg3+ 43. Ke4 Rg2 44. b3 Re2+ 45. Kf5 f3 46. Rxf3 Rxe5+ 47.
Kf6 Re4 48. Rc4 Re8 49. Kf7 Rd8 50. h4 Bd6 51. Kg6 Rg8+ 52. Kh7 Rg2 53. Re4 b5
54. h5 Kb6 55. axb5 axb5 56. Re6 Kc5 57. Rg6 Re2 58. Rg5+ Kb4 59. Kg6 c5 60. h6
c4 61. h7 Re8 62. bxc4 bxc4 63. Rh5 c3 64. h8=Q Rxh8 65. Rxh8 c2 66. Rh4+ Kb5
67. Rc3 Be7 68. Rh5+ Kb4 69. Rxc2 Kb3 70. Rc8 Ka4 71. Rh1 Bb4 72. Rh4 Ka3 73.
Ra8+ Kb3 74. Rb8 Kc3 75. Rbxb4 1-0

[Event "Frankfurt Ch A 2016"]
[Site "Ffm-Höchst, BiKuZ"]
[Date "2016.05.23"]
[Round "4.24"]
[White "Masoudi, Kian"]
[Black "Zimpfer, Andreas"]
[Result "1-0"]
[WhiteElo "1361"]
[BlackElo "1894"]
[PlyCount "41"]
[EventDate "2016.??.??"]
[WhiteTeam "SC Bergen-Enkheim"]
[BlackTeam "SC Matt im Park"]

1. e4 c5 2. d4 cxd4 3. c3 dxc3 4. Nxc3 d6 5. Nf3 Nc6 6. Bc4 g6 7. O-O Bg7 8.
Qe2 Bg4 9. Bxf7+ Kf8 10. Bb3 Ne5 11. Qe3 Nxf3+ 12. gxf3 Bh3 13. Rd1 Bh6 14. f4
Bg4 15. f3 Bh3 16. e5 Qc7 17. Bd2 Qc5 18. exd6 exd6 19. Ne4 Qxe3+ 20. Bxe3 Ke7
21. Bd4 1-0

[Event "Frankfurt Ch A 2016"]
[Site "Ffm-Höchst, BiKuZ"]
[Date "2016.05.23"]
[Round "4.25"]
[White "Pfeffer, Marko"]
[Black "Benikhis, Avram"]
[Result "1/2-1/2"]
[WhiteElo "1972"]
[BlackElo "1782"]
[PlyCount "80"]
[EventDate "2016.??.??"]
[WhiteTeam "SC Bergen-Enkheim"]
[BlackTeam "SC Eschbach"]

1. e4 c5 2. b3 Nc6 3. Bb2 e5 4. Bb5 d6 5. Bxc6+ bxc6 6. Ne2 Nf6 7. d3 Bg4 8. f3
Be6 9. Nd2 Nh5 10. O-O Qg5 11. Nc4 Qh6 12. Bc1 g5 13. Qe1 f6 14. Ng3 Nf4 15.
Ne3 Qg7 16. Nef5 Qd7 17. Ne3 d5 18. Bb2 h5 19. Ne2 h4 20. Rd1 Ng6 21. c3 d4 22.
Nc4 Nf4 23. Nxf4 gxf4 24. Kf2 Rg8 25. Rg1 Qh7 26. Ke2 Bxc4 27. bxc4 Kd7 28.
cxd4 cxd4 29. Qa5 Qe7 30. Rb1 Qb4 31. Qxb4 Bxb4 32. Bxd4 exd4 33. Rxb4 Rab8 34.
Rb3 a5 35. Kf2 a4 36. Rxb8 Rxb8 37. Re1 Rb2+ 38. Re2 a3 39. Ke1 Rb1+ 40. Kf2
Rb2 1/2-1/2

[Event "Frankfurt Ch A 2016"]
[Site "Ffm-Höchst, BiKuZ"]
[Date "2016.05.23"]
[Round "4.26"]
[White "Rotermund, Verena"]
[Black "Bösch, Dirk"]
[Result "0-1"]
[WhiteElo "1731"]
[BlackElo "2098"]
[PlyCount "120"]
[EventDate "2016.??.??"]
[WhiteTeam "Vorw.Orient Mainz"]
[BlackTeam "SK Ebringen"]

1. e4 c5 2. Nf3 d6 3. d4 cxd4 4. Nxd4 Nf6 5. Nc3 a6 6. a4 e5 7. Nb3 Be7 8. Be2
O-O 9. O-O Be6 10. f4 Qc7 11. Be3 Nbd7 12. a5 Rac8 13. Nd2 exf4 14. Rxf4 d5 15.
Rf1 Bc5 16. Bxc5 Qxc5+ 17. Kh1 dxe4 18. Ra4 Rfd8 19. Qe1 e3 20. Nde4 Nxe4 21.
Rxe4 Bf5 22. Ref4 Bg6 23. Qg3 Nf6 24. h4 Kh8 25. Qh3 Qxa5 26. Qxe3 Re8 27. Qf2
Qe5 28. Bd1 b5 29. Qb6 Re6 30. Qb7 Rce8 31. Qa7 Qd6 32. Qf2 b4 33. Ne2 Bxc2 34.
Rd4 Qe7 35. Nf4 Ne4 36. Rxe4 Bxe4 37. Nxe6 Qxe6 38. Kh2 Bg6 39. Ba4 Qe5+ 40.
Kh1 Rd8 41. Bb3 Qd4 42. Qg3 Kg8 43. Qg5 Re8 44. Qg3 Qe3 45. Kh2 Qxg3+ 46. Kxg3
Re3+ 47. Rf3 Rxf3+ 48. Kxf3 Kf8 49. Ke3 Ke7 50. Kd4 Kd6 51. Kc4 Ke5 52. Kxb4 f6
53. Ka5 Bd3 54. Bd1 Kf4 55. Bf3 f5 56. b4 h6 57. Bb7 Bf1 58. Bxa6 Bxg2 59. b5
Kg4 60. Bc8 g6 0-1

[Event "Frankfurt Ch A 2016"]
[Site "Ffm-Höchst, BiKuZ"]
[Date "2016.05.23"]
[Round "4.27"]
[White "Fußnecker, Manfred"]
[Black "Kautz, Thomas"]
[Result "0-1"]
[WhiteElo "1924"]
[BlackElo "1714"]
[PlyCount "86"]
[EventDate "2016.??.??"]
[WhiteTeam "SF Frankfurt"]
[BlackTeam "SK Niederbrechen"]

1. e4 g6 2. d4 Bg7 3. Nc3 d6 4. Be3 Nf6 5. h3 c6 6. g4 h6 7. Nge2 b5 8. Ng3 Bb7
9. Bd3 Nbd7 10. Rg1 a6 11. f4 c5 12. e5 Nd5 13. Nxd5 Bxd5 14. dxc5 dxc5 15.
Bxg6 Nxe5 16. Be4 Bxe4 17. Nxe4 Qxd1+ 18. Rxd1 Nf3+ 19. Ke2 Nxg1+ 20. Bxg1 Bxb2
21. c3 b4 22. cxb4 cxb4 23. Rb1 Ba3 24. Bc5 a5 25. f5 f6 26. h4 Kf7 27. Rd1
Rhd8 28. Rh1 Rg8 29. Kf3 Rad8 30. g5 Rd3+ 31. Ke2 Rd5 32. g6+ Kg7 33. Rf1 Rc8
34. Bxe7 Rc2+ 35. Ke3 Bc1+ 36. Rxc1 Rxc1 37. Bxf6+ Kg8 38. Bb2 Re1+ 39. Kf2
Rxe4 40. f6 Rf5+ 41. Kg3 Ref4 42. f7+ Rxf7 43. gxf7+ Rxf7 0-1

[Event "Frankfurt Ch A 2016"]
[Site "Ffm-Höchst, BiKuZ"]
[Date "2016.05.23"]
[Round "4.28"]
[White "Krischak, Werner"]
[Black "Rutsatz, Mario"]
[Result "0-1"]
[WhiteElo "1694"]
[BlackElo "1900"]
[PlyCount "62"]
[EventDate "2016.??.??"]
[WhiteTeam "SK Marburg"]
[BlackTeam "SF Frankfurt"]

1. d4 Nf6 2. Nf3 g6 3. Bf4 Bg7 4. e3 b6 5. c4 Bb7 6. Nc3 d6 7. h3 Nbd7 8. Bd3
O-O 9. O-O a6 10. Bh2 Qe8 11. e4 e5 12. dxe5 dxe5 13. b4 Qe7 14. Qb3 Rad8 15.
Nd5 Nxd5 16. cxd5 c6 17. dxc6 Bxc6 18. Rac1 Nb8 19. a4 Qd7 20. Bc2 Qb7 21. Nxe5
Bxe4 22. Bxe4 Qxe4 23. Rfe1 Qd5 24. Qxd5 Rxd5 25. Rcd1 Rxd1 26. Rxd1 Re8 27.
Nc4 Nc6 28. b5 axb5 29. axb5 Nd4 30. Nxb6 Nxb5 31. Bf4 Nc3 0-1

[Event "Frankfurt Ch A 2016"]
[Site "Ffm-Höchst, BiKuZ"]
[Date "2016.05.23"]
[Round "4.29"]
[White "Beinrucker, Clemens"]
[Black "Bittner, Peter"]
[Result "1-0"]
[WhiteElo "1899"]
[BlackElo "1713"]
[PlyCount "73"]
[EventDate "2016.??.??"]
[WhiteTeam "SK Niederbrechen"]
[BlackTeam "SC Nied"]

1. e4 e5 2. Nf3 Nc6 3. d4 exd4 4. Bc4 Be7 5. c3 Nf6 6. e5 Ne4 7. O-O d5 8. Bb5
O-O 9. Bxc6 bxc6 10. Nxd4 Qe8 11. f3 Ng5 12. f4 Ne4 13. Nd2 c5 14. Nc2 f5 15.
Nxe4 Ba6 16. Qxd5+ Kh8 17. Ng3 Bxf1 18. Nxf1 Rd8 19. Qc4 Qh5 20. Nce3 g5 21.
Nd5 Qf7 22. Nfe3 gxf4 23. Qxf4 Rxd5 24. Nxd5 Qxd5 25. Be3 Rg8 26. g3 Bg5 27.
Qf2 Bxe3 28. Qxe3 Re8 29. Re1 Qxa2 30. e6 Qxb2 31. e7 Qb3 32. Qe5+ Kg8 33. Qxf5
Qxc3 34. Qe6+ Kh8 35. Rf1 Qg7 36. Rf7 Qd4+ 37. Kg2 1-0

[Event "Frankfurt Ch A 2016"]
[Site "Ffm-Höchst, BiKuZ"]
[Date "2016.05.23"]
[Round "4.30"]
[White "Kretner, Georg-Ulrich"]
[Black "Diehl, Stefan"]
[Result "0-1"]
[WhiteElo "1880"]
[BlackElo "1699"]
[PlyCount "58"]
[EventDate "2016.??.??"]
[WhiteTeam "SC Bad Nauheim"]
[BlackTeam "SC Höchst"]

1. d4 f5 2. Nf3 Nf6 3. g3 e6 4. Bg2 d5 5. O-O Bd6 6. c4 c6 7. b3 Qe7 8. Bb2 O-O
9. Nbd2 Nbd7 10. Ne5 Ne4 11. Nd3 Ndf6 12. Nf3 Ng4 13. h3 Nh6 14. Nfe5 Bd7 15.
a4 a5 16. Qe1 Nf7 17. f3 Nf6 18. Nf2 Nh5 19. Nfd3 Nxe5 20. dxe5 Bb4 21. Nxb4
axb4 22. Rc1 Qg5 23. Kh2 f4 24. g4 Ng3 25. Rg1 h5 26. e3 h4 27. exf4 Qxf4 28.
Bh1 Nf1+ 29. Kg2 Qxf3# 0-1